| 000 | 00838nam a22002057a 4500 | ||
|---|---|---|---|
| 003 | BDDh-ASL | ||
| 005 | 20231016062621.0 | ||
| 008 | 230329s2003 b ||||| |||| 00| 0 b d | ||
| 040 |
_aBDDh-ASL _cBDDh-ASL |
||
| 041 | _aben | ||
| 082 |
_a927 _bOST |
||
| 245 | 1 | 0 | _aওস্তাদ আয়েত আলী খাঁ : জীবন ও সাধনা / |
| 246 | _aOstad Ayet Ali Khan : Jibon O Sadhana (Life and Activities of Ostad Ayet Ali Khan) by Mobarak Hossain Khan. | ||
| 260 |
_aঢাকা : _bবাংলা একাডেমী, _c2003. |
||
| 300 |
_a63 p. : _c22 cm. |
||
| 600 | 1 | 0 |
_aআয়েত আলী খাঁ _cওস্তাদ _97774 |
| 650 | 0 |
_abiographical dictionary - চরিতাভিধান _94665 |
|
| 700 | 1 |
_aখান, মোবারক হোসেন _91995 |
|
| 942 |
_2ddc _cBK |
||
| 999 |
_c31495 _d31495 |
||